Gender, identity, and multiple marginalities : essays in honour of Professor Yogendra Singh (Record no. 17930)

MARC details
000 -LEADER
fixed length control field 00753nam a2200241 a 4500
001 - CONTROL NUMBER
control field 155480
003 - CONTROL NUMBER IDENTIFIER
control field OSt
005 - DATE AND TIME OF LATEST TRANSACTION
control field 20210917105734.0
008 - FIXED-LENGTH DATA ELEMENTS--GENERAL INFORMATION
fixed length control field 180223 ### HIN
020 ## - INTERNATIONAL STANDARD BOOK NUMBER
International Standard Book Number 9788131606674
082 ## - DEWEY DECIMAL CLASSIFICATION NUMBER
Classification number 305.420954
Item number M72G
245 ## - TITLE STATEMENT
Title Gender, identity, and multiple marginalities : essays in honour of Professor Yogendra Singh
Statement of responsibility, etc edited by Ishwar Modi
260 ## - PUBLICATION, DISTRIBUTION, ETC. (IMPRINT)
Place of publication, distribution, etc Jaipur; New Delhi
Name of publisher, distributor, etc Rawat Publication
Date of publication, distribution, etc 2015
300 ## - PHYSICAL DESCRIPTION
Extent vii, 388p.
490 ## - SERIES STATEMENT
Series statement Modernization, globalization and social transformation
653 ## - INDEX TERM--UNCONTROLLED
Uncontrolled term Marginality, Social
653 ## - INDEX TERM--UNCONTROLLED
Uncontrolled term Women--Social conditions
653 ## - INDEX TERM--UNCONTROLLED
Uncontrolled term Women in development
653 ## - INDEX TERM--UNCONTROLLED
Uncontrolled term India
653 ## - INDEX TERM--UNCONTROLLED
Uncontrolled term Ethnic relations
700 ## - ADDED ENTRY--PERSONAL NAME
Personal name Modi, Ishwar
Relator term Editor
942 ## - ADDED ENTRY ELEMENTS (KOHA)
Source of classification or shelving scheme Dewey Decimal Classification
Koha item type Books
Holdings
Withdrawn status Lost status Source of classification or shelving scheme Damaged status Not for loan Collection code Home library Current library Date acquired Source of acquisition Full call number Barcode Date last seen Price effective from Koha item type
    Dewey Decimal Classification     General Text Book Central University Of Rajasthan Central University Of Rajasthan 23/02/2018 ENG 305.420954 M72G 30174 02/09/2020 02/09/2020 Books